000 00872cam a22002777a 4500
003 CHAP
005 20220329135119.0
008 971013s r 00010 d
010 _a31145
011 _a32117
035 _a36230
040 _cCHAP
090 _aR-715
100 0 0 _aLoos, M. A.
_968488
245 1 4 _aThe influence of calcium carbonate amendments on the nodulation of white clover in the acid soils of George
500 _aSobretiro de: S. Afr. j. Agric. Sci. 8:729-736, 1965.
590 _aBATCH-UPD
_b10
_c20130110
_lUCH01
_h1836
590 _aBATCH-UPD
_b10
_c20130410
_lUCH01
_h1207
590 _aBATCH-UPD
_b10
_c20130914
_lUCH01
_h2003
590 _aCONVERSION
_b10
_c20130109
_lUCH01
_h1318
650 1 4 _aRhizobium.
_997124
650 1 4 _aTrébol blanco.
_9115252
901 _aBK
942 _cREIMP
949 _aR-715
_bBC
_cR
_d-83437
_eTS1
_i36230
_si
999 _c31145
_d31145